[Event "GBR-ch 104th"]
[Site "Llandudno"]
[Date "2017.07.30"]
[Round "2"]
[White "Coathup, Roger"]
[Black "Humphreys, Jerry"]
[Result "1-0"]
[WhiteElo "2151"]
[BlackElo "2041"]
[PlyCount "71"]
[EventDate "2017.07.29"]
[EventType "swiss"]
[EventRounds "9"]
[EventCountry "WLS"]
[SourceTitle "CBM 179 Extra"]
[Source "ChessBase"]
[SourceDate "2017.08.23"]
[SourceVersion "1"]
[SourceVersionDate "2017.08.23"]
[SourceQuality "1"]

1. c4 Nf6 2. g3 c5 3. Bg2 Nc6 4. Nf3 e6 5. 0-0 Be7 6. Nc3 a6 7. b3 d6 8. d4 cxd4 9. Nxd4 Bd7 10. Bb2 0-0 11. e4 Rb8 12. h3 Qa5 13. Nc2 b5 14. Ne3 Qb6 15. Re1 Na5 16. cxb5 axb5 17. g4 b4 18. Ne2 Bc6 19. Ng3 Nd7 20. Nd5 Bxd5 21. exd5 e5 22. Bc1 Rfc8 23. Be3 Qa6 24. Qd2 Bf8 25. Rac1 Qb5 26. Bf1 Qb7 27. g5 g6 28. h4 f5 29. gxf6 Nxf6 30. Bg2 Qb5 31. Bh3 Re8 32. Be6+ Rxe6 33. dxe6 Nc6 34. Qe2 Qb7 35. Qf3 Be7 36. Qxc6 1-0

[Event "BCF-chT2 1617 (4NCL) Demotion pool"]
[Site "England"]
[Date "2017.04.29"]
[Round "9.75"]
[White "Humphreys, Jerry"]
[Black "Verma, Aditya"]
[Result "1/2-1/2"]
[WhiteElo "2012"]
[BlackElo "2067"]
[PlyCount "54"]
[EventDate "2016.11.19"]
[EventType "team-tourn"]
[EventRounds "11"]
[EventCountry "ENG"]
[SourceTitle "EXT 2019"]
[Source "ChessBase"]
[SourceDate "2018.10.10"]
[SourceVersion "1"]
[SourceVersionDate "2018.10.10"]
[SourceQuality "1"]
[WhiteTeam "Downend & Fishponds"]
[BlackTeam "KJCA Kings"]
[WhiteTeamCountry "ENG"]
[BlackTeamCountry "ENG"]

1. c4 Nf6 2. Nf3 c6 3. Nc3 d5 4. e3 e6 5. b3 Nbd7 6. Bb2 Be7 7. Be2 a6 8. 0-0 0-0 9. Rc1 b5 10. d4 b4 11. Na4 a5 12. Qc2 Ba6 13. Rfe1 Rc8 14. Nd2 c5 15. Qb1 Bb7 16. dxc5 Nxc5 17. Nxc5 Bxc5 18. Red1 Qe7 19. cxd5 Nxd5 20. Bf3 Bb6 21. Qd3 Rfd8 22. Rxc8 Bxc8 23. Qc2 Bb7 24. Nc4 Bc7 25. Ne5 Qg5 26. Nc6 Rc8 27. Bxd5 exd5 1/2-1/2

[Event "BCF-ch Seniors 50"]
[Site "Bournemouth"]
[Date "2016.08.03"]
[Round "5"]
[White "Burnett, Jim"]
[Black "Humphreys, Jerry"]
[Result "1/2-1/2"]
[WhiteElo "2143"]
[BlackElo "2054"]
[PlyCount "73"]
[EventDate "2016.07.30"]
[EventType "swiss"]
[EventRounds "7"]
[EventCountry "ENG"]
[SourceTitle "CBM 173 Extra"]
[Source "ChessBase"]
[SourceDate "2016.08.29"]
[SourceVersion "1"]
[SourceVersionDate "2016.08.29"]
[SourceQuality "1"]

1. d4 Nf6 2. c4 g6 3. g3 Bg7 4. Bg2 d5 5. cxd5 Nxd5 6. e4 Nb6 7. Ne2 c5 8. d5 0-0 9. Nbc3 Re8 10. 0-0 e6 11. dxe6 Bxe6 12. Qxd8 Rxd8 13. Bg5 Rd7 14. Rad1 Nc6 15. Rxd7 Bxd7 16. h3 Be6 17. Rd1 Rc8 18. Be3 Nc4 19. Bxc5 Nxb2 20. Rb1 Nd3 21. Be3 b6 22. Nd5 Kf8 23. Rd1 Nb2 24. Rc1 Nd3 25. Rc2 Nce5 26. Rxc8+ Bxc8 27. f4 Nc4 28. Bd4 Ne1 29. Bxg7+ Kxg7 30. Nec3 Nxg2 31. Kxg2 f6 32. g4 Kf7 33. Kf3 Bd7 34. Ke2 Bc6 35. Kd3 Nd6 36. Nb4 Bd7 37. Nbd5 1/2-1/2

[Event "BCF-ch Seniors 50"]
[Site "Bournemouth"]
[Date "2016.07.31"]
[Round "2"]
[White "Humphreys, Jerry"]
[Black "Lewis, Andrew P"]
[Result "0-1"]
[WhiteElo "2054"]
[BlackElo "2269"]
[PlyCount "50"]
[EventDate "2016.07.30"]
[EventType "swiss"]
[EventRounds "7"]
[EventCountry "ENG"]
[SourceTitle "CBM 173 Extra"]
[Source "ChessBase"]
[SourceDate "2016.08.29"]
[SourceVersion "1"]
[SourceVersionDate "2016.08.29"]
[SourceQuality "1"]

1. c4 g6 2. Nc3 Bg7 3. Nf3 d6 4. g3 Nf6 5. Bg2 0-0 6. 0-0 Nc6 7. d3 Nh5 8. Bd2 f5 9. Rb1 a5 10. a3 e5 11. b4 axb4 12. axb4 h6 13. b5 Ne7 14. Ne1 f4 15. e3 Rb8 16. Ne4 Be6 17. Nc2 Qd7 18. Re1 Bh3 19. Bf3 fxg3 20. hxg3 Kh7 21. Bc3 Rf7 22. d4 Rbf8 23. Bg2 d5 24. cxd5 Bxg2 25. Kxg2 Qxd5 0-1

[Event "BCF-ch Seniors 50"]
[Site "Bournemouth"]
[Date "2016.07.30"]
[Round "1"]
[White "Newell, David F"]
[Black "Humphreys, Jerry"]
[Result "0-1"]
[WhiteElo "1908"]
[BlackElo "2054"]
[PlyCount "72"]
[EventDate "2016.07.30"]
[EventType "swiss"]
[EventRounds "7"]
[EventCountry "ENG"]
[SourceTitle "CBM 173 Extra"]
[Source "ChessBase"]
[SourceDate "2016.08.29"]
[SourceVersion "1"]
[SourceVersionDate "2016.08.29"]
[SourceQuality "1"]

1. Nf3 c5 2. g3 Nc6 3. Bg2 g6 4. c4 Bg7 5. Nc3 e6 6. 0-0 Nge7 7. d3 0-0 8. Rb1 d5 9. Bd2 b6 10. a3 Bb7 11. cxd5 Nxd5 12. Nxd5 Qxd5 13. Ng5 Qd7 14. Qa4 h6 15. Ne4 Rad8 16. Rfe1 Kh8 17. Bc3 e5 18. Nd2 a6 19. Qh4 Nd4 20. Bxb7 Qxb7 21. Qe4 Qxe4 22. Nxe4 f5 23. Nd2 Nb5 24. Nf3 Nxc3 25. bxc3 b5 26. a4 bxa4 27. Ra1 e4 28. Nh4 Kh7 29. Rxa4 Bxc3 30. Rb1 exd3 31. exd3 Rd6 32. Rb7+ Kg8 33. Rc4 Bb4 34. d4 Rc8 35. dxc5 Bxc5 36. Rb1 Bxf2+ 0-1

[Event "BCF-chT2c 1516 (4NCL)"]
[Site "England"]
[Date "2016.04.30"]
[Round "9.216"]
[White "Klingher, Dominic"]
[Black "Humphreys, Jerry"]
[Result "0-1"]
[WhiteElo "2020"]
[BlackElo "1997"]
[PlyCount "98"]
[EventDate "2015.11.14"]
[EventType "team-swiss"]
[EventRounds "11"]
[EventCountry "ENG"]
[SourceTitle "EXT 2017"]
[Source "ChessBase"]
[SourceDate "2016.10.25"]
[SourceVersion "1"]
[SourceVersionDate "2016.10.25"]
[SourceQuality "1"]
[WhiteTeam "Barbican Youth"]
[BlackTeam "Downend & Fishponds"]
[WhiteTeamCountry "ENG"]
[BlackTeamCountry "ENG"]

1. e4 c5 2. Nc3 Nc6 3. g3 g6 4. d3 Bg7 5. Bg2 e6 6. Nge2 Nge7 7. 0-0 d6 8. Be3 Nd4 9. Qd2 Qa5 10. Rae1 Nec6 11. f4 f5 12. a3 0-0 13. h3 Rb8 14. g4 b5 15. Ng3 Bd7 16. Kh2 b4 17. axb4 cxb4 18. Nd1 Qa4 19. Bxd4 Nxd4 20. Ne3 fxg4 21. hxg4 Nc6 22. Nc4 Nd4 23. Ra1 Qxc2 24. Qe3 Nb5 25. Rfc1 Qb3 26. Nf1 Bxb2 27. Rcb1 Bxa1 28. Rxb3 Bd4 29. Qg3 a5 30. Nxa5 Nc3 31. Bf3 Ba4 32. Rb2 Nxe4 33. Qg2 Nc5 34. Rb1 Rxf4 35. Nd2 Nxd3 36. Nac4 d5 37. Na5 Bc3 38. Nab3 Rbf8 39. Qe2 Ne5 40. Kg2 Nxf3 41. Qxe6+ Kh8 42. Nxf3 Rxf3 43. Qxd5 R3f4 44. Nc5 Bc2 45. Rc1 b3 46. Nd3 b2 47. Qc5 bxc1Q 48. Qxc3+ Kg8 49. Nxc1 Be4+ 0-1

[Event "BCF-chT3 1415 (4NCL)"]
[Site "England"]
[Date "2015.03.21"]
[Round "7.70"]
[White "Humphreys, Jerry"]
[Black "Moore, Gerald C"]
[Result "1/2-1/2"]
[WhiteElo "2045"]
[BlackElo "2121"]
[PlyCount "48"]
[EventDate "2015.03.21"]
[EventType "team-swiss"]
[EventRounds "11"]
[EventCountry "ENG"]
[SourceTitle "EXT 2016"]
[Source "ChessBase"]
[SourceDate "2015.10.08"]
[SourceVersion "1"]
[SourceVersionDate "2015.10.08"]
[SourceQuality "1"]
[WhiteTeam "Downend & Fishponds"]
[BlackTeam "Broadland Bitterns"]
[WhiteTeamCountry "ENG"]
[BlackTeamCountry "ENG"]

1. e4 g6 2. d4 Bg7 3. Nf3 d6 4. Be2 Nf6 5. Nc3 0-0 6. 0-0 Bg4 7. Be3 Nc6 8. Qd2 e5 9. dxe5 dxe5 10. Rad1 Qc8 11. Qc1 Rd8 12. Rxd8+ Qxd8 13. Rd1 Qf8 14. h3 Bxf3 15. Bxf3 a6 16. g3 Rd8 17. Bg2 Nd4 18. f3 c6 19. Kf2 h5 20. h4 Nd7 21. Bf1 b5 22. Ne2 Nc5 23. c3 Nde6 24. Qc2 Bh6 1/2-1/2

[Event "BCF-chT3 1314 (4NCL)"]
[Site "England"]
[Date "2014.05.04"]
[Round "9.189"]
[White "Bin Suhayl, Ieysaa"]
[Black "Humphreys, Jerry"]
[Result "0-1"]
[WhiteElo "1637"]
[BlackElo "2059"]
[PlyCount "112"]
[EventDate "2013.11.16"]
[EventType "team-swiss"]
[EventRounds "11"]
[EventCountry "ENG"]
[SourceTitle "EXT 2015"]
[Source "ChessBase"]
[SourceDate "2014.11.20"]
[SourceVersion "1"]
[SourceVersionDate "2014.11.20"]
[SourceQuality "1"]
[WhiteTeam "Broadland"]
[BlackTeam "Bristol University"]
[WhiteTeamCountry "ENG"]
[BlackTeamCountry "ENG"]

1. d4 Nf6 2. c4 g6 3. Nc3 d5 4. Nf3 Bg7 5. Bg5 Ne4 6. cxd5 Nxg5 7. Nxg5 e6 8. Qd2 exd5 9. Qe3+ Kf8 10. Qf4 Qf6 11. Nxd5 Qxf4 12. Nxf4 Bxd4 13. 0-0-0 Bxf2 14. Rd8+ Kg7 15. Rxh8 Kxh8 16. Nd5 Na6 17. Nxf7+ Kg7 18. Ng5 c6 19. Ne4 Bd4 20. Ndc3 Bf5 21. g3 Be3+ 22. Kc2 Nc5 23. Bg2 Re8 24. Nd1 Rxe4 25. Bxe4 Bxe4+ 26. Kc3 Bxh1 27. Nxe3 Kf6 28. Nc4 Ke6 29. Ne3 b6 30. Kc2 Ne4 31. Kd3 Nd6 32. Kd2 c5 33. b3 Bd5 34. Kc3 Nf5 35. Nxf5 Kxf5 36. Kd3 Ke5 37. e3 b5 38. Kd2 Ke4 39. Ke2 c4 40. b4 c3 41. Kd1 Kxe3 42. Kc2 Kd4 43. h4 Bxa2 44. g4 Be6 45. g5 Kc4 46. h5 Kxb4 47. h6 Bf5+ 48. Kc1 Kb3 49. Kd1 Kb2 50. Ke2 c2 51. Ke3 c1Q+ 52. Kf3 Kc3 53. Kg3 Kd3 54. Kf3 Qf1+ 55. Kg3 Ke3 56. Kh4 Qh3# 0-1

[Event "4NCL-ch rapid"]
[Site "Daventry"]
[Date "2013.10.06"]
[Round "3"]
[White "Healey, Michael W"]
[Black "Humphreys, Jerry"]
[Result "1-0"]
[WhiteElo "2091"]
[BlackElo "2065"]
[PlyCount "61"]
[EventDate "2013.10.06"]
[EventType "swiss (rapid)"]
[EventRounds "7"]
[EventCountry "ENG"]
[SourceTitle "CBM 156 Extra"]
[Source "ChessBase"]
[SourceDate "2013.10.22"]
[SourceVersion "1"]
[SourceVersionDate "2013.10.22"]
[SourceQuality "1"]

1. e4 c5 2. Nf3 e6 3. b3 d6 4. Bb2 Nf6 5. Bb5+ Bd7 6. Qe2 Be7 7. e5 Bxb5 8. Qxb5+ Qd7 9. Qxd7+ Nfxd7 10. exd6 Bxd6 11. Nc3 Nc6 12. 0-0-0 0-0 13. Kb1 Rfd8 14. Ne4 Be7 15. h4 Rac8 16. d3 Nb4 17. h5 h6 18. g4 Nd5 19. g5 hxg5 20. h6 g4 21. Nfg5 gxh6 22. Rxh6 e5 23. Rdh1 N5f6 24. Ng3 Kf8 25. Nf5 Ke8 26. Rh8+ Nf8 27. Bxe5 Rd5 28. Re1 Kd7 29. Nxe7 Kxe7 30. Bb2+ Kd7 31. Bxf6 1-0

[Event "London e2e4 Diamond Jubilee op"]
[Site "London"]
[Date "2012.06.06"]
[Round "8"]
[White "Taylor, Adam C"]
[Black "Humphreys, Jerry"]
[Result "1/2-1/2"]
[WhiteElo "1948"]
[BlackElo "2080"]
[PlyCount "87"]
[EventDate "2012.06.02"]
[EventType "swiss"]
[EventRounds "9"]
[EventCountry "ENG"]
[SourceTitle "CBM 148 Extra"]
[Source "ChessBase"]
[SourceDate "2012.06.22"]
[SourceVersion "1"]
[SourceVersionDate "2012.06.22"]
[SourceQuality "1"]

1. c4 Nf6 2. Nc3 c5 3. g3 Nc6 4. Bg2 b6 5. d3 Bb7 6. e4 d6 7. f4 e6 8. Be3 Be7 9. h3 0-0 10. Nge2 Rc8 11. 0-0 Nd7 12. f5 Nde5 13. Nf4 Qd7 14. g4 Rfe8 15. Nh5 Kh8 16. Qd2 Nb4 17. Bg5 Bxg5 18. Qxg5 f6 19. fxe6 Qe7 20. Nxf6 gxf6 21. Rxf6 Rg8 22. Qh6 Rg6 23. Rxg6 Nxg6 24. Rf1 Rf8 25. Rxf8+ Nxf8 26. Nd5 Bxd5 27. exd5 Nxd3 28. g5 Ng6 29. Be4 Nde5 30. h4 Qg7 31. Qh5 Kg8 32. b3 Qf8 33. Bxg6 Nxg6 34. Qg4 Ne5 35. Qh5 Ng6 36. Qg4 a6 37. Kg2 b5 38. h5 Ne5 39. Qe4 bxc4 40. bxc4 Qg7 41. Qf4 Qf8 42. Qe4 Qe8 43. Qf5 Qf8 44. Qe4 1/2-1/2

[Event "London e2e4 Diamond Jubilee op"]
[Site "London"]
[Date "2012.06.02"]
[Round "1"]
[White "Humphreys, Jerry"]
[Black "Longson, Alexander"]
[Result "1/2-1/2"]
[WhiteElo "2080"]
[BlackElo "2274"]
[PlyCount "83"]
[EventDate "2012.06.02"]
[EventType "swiss"]
[EventRounds "9"]
[EventCountry "ENG"]
[SourceTitle "CBM 148 Extra"]
[Source "ChessBase"]
[SourceDate "2012.06.22"]
[SourceVersion "1"]
[SourceVersionDate "2012.06.22"]
[SourceQuality "1"]

1. c4 e6 2. Nf3 d5 3. g3 dxc4 4. Qa4+ Nd7 5. Bg2 a6 6. Qxc4 b5 7. Qc2 Bb7 8. 0-0 Ngf6 9. d3 c5 10. a4 Be7 11. axb5 axb5 12. Rxa8 Bxa8 13. Nc3 Qb6 14. Qb3 b4 15. Na4 Qa6 16. Qc2 0-0 17. Bd2 Bd5 18. b3 Ra8 19. Ra1 Qb7 20. Ra2 Ra5 21. Ne1 Qa7 22. d4 cxd4 23. Qc8+ Nf8 24. Rc2 Bxg2 25. Kxg2 Nd5 26. Rc6 Qa8 27. Nf3 Bf6 28. Nc5 Ne7 29. Qxa8 Rxa8 30. Rb6 Nd5 31. Rb7 Nc3 32. Kf1 Ra1+ 33. Be1 e5 34. Rxb4 Be7 35. Rc4 Bxc5 36. Rxc5 f6 37. e3 Ne6 38. Rc8+ Kf7 39. exd4 exd4 40. Nxd4 Nxd4 41. Rxc3 Rb1 42. Re3 1/2-1/2

[Event "BCF-chT3 1011 (4NCL)"]
[Site "England"]
[Date "2011.05.01"]
[Round "10.41"]
[White "Humphreys, Jerry"]
[Black "Calvert, David Ian"]
[Result "1/2-1/2"]
[WhiteElo "2066"]
[BlackElo "1967"]
[PlyCount "66"]
[EventDate "2010.11.06"]
[EventType "team-swiss"]
[EventRounds "9"]
[EventCountry "ENG"]
[SourceTitle "EXT 2012"]
[Source "ChessBase"]
[SourceDate "2011.11.24"]
[SourceVersion "1"]
[SourceVersionDate "2011.11.24"]
[SourceQuality "1"]
[WhiteTeam "Bristol II"]
[BlackTeam "Metropolitan"]
[WhiteTeamCountry "ENG"]
[BlackTeamCountry "ENG"]

1. e4 d5 2. exd5 Qxd5 3. Nc3 Qd6 4. g3 Nf6 5. Bg2 Bg4 6. Nge2 c6 7. d4 e6 8. 0-0 Be7 9. h3 Bxe2 10. Nxe2 Qc7 11. Re1 Nbd7 12. c4 0-0 13. Qb3 Qb6 14. Qxb6 Nxb6 15. b3 Rad8 16. Be3 Rd7 17. Red1 Rfd8 18. Nc3 Bf8 19. Bf3 h6 20. Rac1 g6 21. Rc2 Bg7 22. Rcd2 Kf8 23. Ne4 Nxe4 24. Bxe4 f5 25. Bg2 Kf7 26. f4 Bf6 27. d5 exd5 28. cxd5 cxd5 29. Bxb6 axb6 30. Rxd5 Rxd5 31. Rxd5 Bd4+ 32. Kf1 Rxd5 33. Bxd5+ Kf6 1/2-1/2

[Event "Uxbridge e2e4 op"]
[Site "Denham"]
[Date "2011.03.20"]
[Round "5"]
[White "Humphreys, Jerry"]
[Black "Merry, Alan B"]
[Result "0-1"]
[WhiteElo "2066"]
[BlackElo "1979"]
[PlyCount "58"]
[EventDate "2011.03.18"]
[EventType "swiss"]
[EventRounds "5"]
[EventCountry "ENG"]
[SourceTitle "CBM 141 Extra"]
[Source "ChessBase"]
[SourceDate "2011.05.03"]
[SourceVersion "1"]
[SourceVersionDate "2011.05.03"]
[SourceQuality "1"]

1. c4 b6 2. Nc3 Bb7 3. e4 e5 4. Nf3 Nc6 5. d4 exd4 6. Nxd4 Bb4 7. Be3 Bxc3+ 8. bxc3 Nxd4 9. Qxd4 Qf6 10. f3 d6 11. Be2 0-0-0 12. 0-0 Re8 13. Qd2 Ne7 14. Bd4 Qe6 15. Bd3 f6 16. a4 a5 17. Rab1 Nc6 18. Qb2 Ne5 19. Be2 Nd7 20. Qb5 f5 21. Rfe1 f4 22. Bxg7 Rhg8 23. Bd4 Qh3 24. Bf1 Qxf3 25. Kh1 Qg4 26. Qf5 Qxf5 27. exf5 Rxe1 28. Rxe1 f3 29. Bd3 f2 0-1

[Event "BCF-chT3 1011 (4NCL)"]
[Site "England"]
[Date "2011.02.20"]
[Round "6.34"]
[White "Humphreys, Jerry"]
[Black "Graham, David Bruce"]
[Result "1/2-1/2"]
[WhiteElo "2066"]
[BlackElo "2205"]
[PlyCount "82"]
[EventDate "2010.11.06"]
[EventType "team-swiss"]
[EventRounds "9"]
[EventCountry "ENG"]
[SourceTitle "EXT 2012"]
[Source "ChessBase"]
[SourceDate "2011.11.24"]
[SourceVersion "1"]
[SourceVersionDate "2011.11.24"]
[SourceQuality "1"]
[WhiteTeam "Bristol II"]
[BlackTeam "Sussex Smart Controls"]
[WhiteTeamCountry "ENG"]
[BlackTeamCountry "ENG"]

1. e4 e6 2. d4 d5 3. Nd2 c5 4. exd5 exd5 5. Ngf3 Nc6 6. Bb5 Bd6 7. dxc5 Bxc5 8. 0-0 Nge7 9. Nb3 Bd6 10. Re1 0-0 11. Bg5 Bg4 12. Be2 Re8 13. c3 Qc7 14. h3 Bd7 15. Nbd4 a6 16. Qc2 f6 17. Be3 Ne5 18. Rad1 Rad8 19. Kh1 Qc8 20. Bf1 Nf5 21. Qb3 Nxe3 22. Rxe3 Nc4 23. Ree1 b5 24. a3 Rxe1 25. Rxe1 Re8 26. Rd1 Bb8 27. Qc2 g6 28. Qc1 Kg7 29. b3 Nd6 30. Kg1 Qc7 31. Re1 Ne4 32. c4 dxc4 33. bxc4 Qb6 34. Qc2 f5 35. cxb5 Bxb5 36. Nxb5 axb5 37. Qb2+ Kh6 38. Bxb5 Rc8 39. a4 Bg3 40. Re2 Rd8 41. Qc1+ Kg7 1/2-1/2